Estatísticas para Mais partidas Seleção da Holanda

Clique aqui para jogar o quiz

Estatísticas Gerais

  • Esse quiz foi jogado 15 vezes
  • A pontuação média é 5 de 11

Estatísticas das Respostas

JogosPeríodoJogador% Correto
962003-2017Arjen Robben
92%
1022005-2017Robin van Persie
85%
1332003-2017Wesley Sneijder
77%
871994-2008Clarence Seedorf
69%
1301995-2008Edwin van der Sar
54%
1121990-2004Frank de Boer
54%
1011996-2006Phillip Cocu
23%
1042004-2014Dirk Kuyt
15%
1061996-2010Giovanni van Bronckhorst
15%
1092001-2013Rafael van der Vaart
15%
872004-2013John Heitinga
8%

Distribuição das Pontuações

Percentil de Números Respondidos

Porcentagem de Pessoas com Cada Pontuação

Sua Pontuação Histórica

Você não jogou esse quiz